| 000 | 00706nam a22002057a 4500 | ||
|---|---|---|---|
| 999 |
_c57508 _d57508 |
||
| 005 | 20221107123501.0 | ||
| 008 | 200630s2013 eng||||| |||| 00| 0 enk d | ||
| 020 | _a9781455770793 X | ||
| 041 | _aeng | ||
| 080 | _a616.31 P-36 | ||
| 245 |
_aPediatric Dentistry : _bDental clinics of North America _cEditor J. H. Berg. |
||
| 264 |
_aPhiladelphia : _b Elsevier, _c2013. |
||
| 300 |
_a180 p.; _boll., _c24 cm. |
||
| 653 | _aსაბავშვო სტომატოლოგია | ||
| 653 | _aპედიატრია | ||
| 653 | _aმედიცინა | ||
| 653 | _aДетская стоматология | ||
| 700 |
_aBerg, J. H. _eრედაქტორი _98911 |
||
| 942 |
_2udc _cBK |
||